Law, Justice & Democracy / (Record no. 612980)
[ view plain ]
| 000 -LEADER | |
|---|---|
| fixed length control field | 00337nam a22001217a 4500 |
| 082 ## - DEWEY DECIMAL CLASSIFICATION NUMBER | |
| Classification number | 347.42014 |
| Author Mark | MCC |
| 100 ## - MAIN ENTRY--PERSONAL NAME | |
| Personal name | McCluskey Lord |
| 245 ## - TITLE STATEMENT | |
| Title | Law, Justice & Democracy / |
| Statement of responsibility, etc. | Lord McCluskey |
| 260 ## - PUBLICATION, DISTRIBUTION, ETC. | |
| Place of publication, distribution, etc. | London, |
| Name of publisher, distributor, etc. | Sweet & Maxwell BBC Books |
| Date of publication, distribution, etc. | 1987. |
| 300 ## - PHYSICAL DESCRIPTION | |
| Extent | 116,p. |
| Dimensions | 25,cm. |
| 650 ## - SUBJECT ADDED ENTRY--TOPICAL TERM | |
| Topical term or geographic name entry element | Law, Justice |
| 942 ## - ADDED ENTRY ELEMENTS (KOHA) | |
| Source of classification or shelving scheme | |
| Koha item type | Book |
| 650 ## - SUBJECT ADDED ENTRY--TOPICAL TERM | |
| -- | 127988 |
| Withdrawn status | Lost status | Source of classification or shelving scheme | Damaged status | Not for loan | Permanent Location | Current Location | Date acquired | Source of acquisition | Total Checkouts | Full call number | Barcode | Date last seen | Price effective from | Koha item type |
|---|---|---|---|---|---|---|---|---|---|---|---|---|---|---|
| NUST Law School (NLS) | NUST Law School (NLS) | 02/26/2025 | Purchased by Multiline Books | 347.42014 MCC | NLS-104 | 02/26/2025 | 02/26/2025 | Book | ||||||
| NUST Law School (NLS) | NUST Law School (NLS) | 02/26/2025 | Purchased by Multiline Books | 347.42014 MCC | NLS-105 | 02/26/2025 | 02/26/2025 | Book | ||||||
| NUST Law School (NLS) | NUST Law School (NLS) | 02/26/2025 | Purchased by Multiline Books | 347.42014 MCC | NLS-106 | 02/26/2025 | 02/26/2025 | Book | ||||||
| NUST Law School (NLS) | NUST Law School (NLS) | 06/29/2025 | 347.42014 MCC | NLS-2932 | 06/29/2025 | 06/29/2025 | Book | |||||||
| NUST Law School (NLS) | NUST Law School (NLS) | 06/29/2025 | 347.42014 MCC | NLS-2933 | 06/29/2025 | 06/29/2025 | Book | |||||||
| NUST Law School (NLS) | NUST Law School (NLS) | 06/29/2025 | 347.42014 MCC | NLS-2934 | 06/29/2025 | 06/29/2025 | Book |
